000 01860cam a22004694i 4500
003 PE-LiUPU
005 20250731183407.0
008 171123s2016 xxua 0 001 0 spa d
020 _a9781935963127
035 _a(Sirsi) a240192
040 _aPE-LiUPU
_bspa
_cPE-LiUPU
_erda
049 _aPRUA
082 _a711.4
_bY63
_221
100 1 _aYoos, Jennifer,
_eautor.
245 1 0 _aParallel cities :
_bthe multilevel metropolis /
_cJennifer Yoos, Vincent James ; Andrew Blauvelt, editor.
264 1 _aMinneapolis :
_bWalker Art Center,
_c2016.
300 _a240 páginas :
_bilustraciones ;
_c25 centímetros.
336 _atext
_2rdacontent
337 _aunmediated
_2rdamedia
338 _avolume
_2rdacarrier
490 1 _aLecturas de urbanismo
504 _aÍndice : páginas 233-239.
505 0 _aForeword -- Acknowledgments -- Preface -- Introduction -- Visionary cities/ vertiginous metropolis -- The london crucible and the socialist diaspora -- Donkeypath urbanism -- Surreptitious urbanisms -- The continuous interior -- Sectional demographics -- The synthesized city.
526 _aP158
526 _aP146
526 _aP17
526 _aP12
526 _aP06
526 8 _iPrograma académico :
_5PE-LiUPU
541 _g003-1757;
650 0 4 _aPromenades publiques.
650 0 4 _aPasserelles.
650 0 4 _aPaseos públicos.
650 0 4 _apasarelas.
700 1 _aJames, Vincent.,
_eautor.
700 1 _aBlauvelt, Andrew,
_eeditor.
910 _adbm
_bksl
_cksl
_d20171123
942 _2ddc
_cBOOK
994 _aC0
_bPEPRU
596 _a1
999 _a711.4 Y63
_wLC
_c25853
_i77085
_f2021-11-9
_g4
_lCCODEBUL1
_mBUL
_p55.76
_r0
_sY
_tBOOK
_u2017-11-23
_xINGENIERIA
_PP06
_0COMPRA
_o.STAFF. Colección Ingeniería y Arquitectura
_d25853
980 _81
_gALBERTO SANCHEZ Responsable de Automatización